000 00794nam a2200229Ia 4500
003 GCL
008 140319s9999 xx 000 0 ara d
040 _aGCL /
_cGCL
082 0 4 _a701.18
_bغ ا
100 1 _aغبريال وهبة
245 1 0 _aاثر الكوميديا الالهية لدانتى فى الفن التشكيلى /
_cغبريال وهبة
260 _a[S.N] :
_bالهيئة المصرية العامة للكتاب ،
_c1987
300 _a191 ص
490 _aالالف كتاب الثانى
_v0
650 0 4 _aالشعر العربى
650 0 4 _aالادب العربى
650 0 4 _aالادب
650 0 4 _aالفنون التشكيلية
650 0 4 _aالادب اللاتينى
650 0 4 _aالشعر اللاتينى المترجم
942 _2ddc
_cBK
999 _c29345
_d29345